[Event "Malakoff op 09th"]
[Site "Malakoff"]
[Date "2009.04.15"]
[Round "7"]
[White "Van Dongen, Patrick"]
[Black "Abergel, Thal"]
[Result "1/2-1/2"]
[WhiteElo "2329"]
[BlackElo "2519"]
[Annotator "Malakoff/Primel,D"]
[PlyCount "92"]
[EventDate "2009.04.11"]
[EventType "swiss"]
[EventRounds "9"]
[EventCountry "FRA"]
[SourceTitle "EXT 2010"]
[Source "ChessBase"]
[SourceDate "2010.11.25"]
[SourceVersion "1"]
[SourceVersionDate "2010.11.25"]
[SourceQuality "1"]

1. e4 (1. c4 c5 2. Nc3 Nc6 3. Nf3 e6 4. d4 cxd4 5. Nxd4 Nf6 6. Ndb5 Bc5 7. Bf4
O-O 8. Bc7 Qe7 9. Bd6 {cette variante de l'anglaise ressemble beaucoup а la
partie}) 1... c5 {1h30} 2. Nf3 e6 3. Nc3 Nc6 4. d4 cxd4 5. Nxd4 Nf6 (5... Qc7)
6. Ndb5 (6. Nxc6 $1 bxc6 (6... dxc6 $6 {Abergel,T (2497)-Nguyen Thanh Tong 
(2312) Malakoff 09th Op 2009 (2) 1-0}) 7. e5 Nd5 8. Ne4 Qc7 9. f4 Qb6 10. c4
Bb4+ 11. Ke2 f5 12. Nf2 Ba6 13. Kf3 $14 {[%csl Rd5] Paradoxalement, il est
difficile pour les noirs de profiter de la positiojn du K blanc et les blancs
gardent un petit avantage durable}) 6... Bc5 $5 {une variante trés rare et un
peu douteuse qui ne semblait pas être au répertoire habituel du GMI} (6... d6
7. Bf4 e5 8. Bg5 {B33}) (6... Bb4 $142 7. a3 Bxc3+ 8. Nxc3 d5 9. exd5 exd5 10.
Bd3) 7. Bf4 {[%csl Rc7,Rd6][%cal Gb5c7,Gb5d6] 1h28} (7. Nd6+ $143 Ke7 8. Bf4 e5
9. Nf5+ Kf8 $13) 7... O-O (7... e5 $143 8. Be3 $1 Bxe3 9. Nd6+ Kf8) 8. Bc7 Qe7
9. Bd6 Bxd6 10. Qxd6 a6 (10... Ne8 {[%cal Ge8d6] plus courant} 11. Qxe7 Nxe7
12. O-O-O f5 13. e5 $1 $14 {[%csl Gd6][%cal Gb5d6];Barua,D (2549)-Bellon Lopez,
J (2429) Gibraltar Masters 2004 (6) 1/2} (13. Nd6 $143 Nxd6 14. Rxd6 fxe4 15.
Nxe4 Nf5 $1 $11)) 11. Qxe7 Nxe7 12. Nd6 $14 {[%csl Rc8][%cal Ge1c1] 1h26 Les
blancs tiennent bien les cases noires} Ne8 13. O-O-O {1h14 les blancs ont
probablement hésité pendant 10 mns а jouer l'alternative Rd1} Nxd6 14. Rxd6 b5
$5 {Peut-être meilleur que l'autre plan de réaction au centre f5} (14... f5 {
Jenni,F (2516)-Raetsky,A (2461) Lenk op 2003 (5) 1-0}) 15. a4 $1 $146 {1h01} (
15. Be2 Ra7 16. f4 f6 17. Rhd1 Nc6 18. Bg4 Na5 19. b3 Rc7 20. Kb2 Kf7 21. Rb6
Rc6 22. Rb8 Re8 23. e5 Bb7 24. Rxd7+ Re7 25. Bh5+ g6 26. Rxe7+ Kxe7 27. Bf3 Rc7
28. Rh8 {1-0 Valvo,M (2395)-Rasmussen,B (2229)/Winnipeg 2001/EXT 2005}) 15...
b4 16. Nb1 {01h00} (16. Na2 $142 $1 {Une manoeuvre connue dans la Kan pour
forcer les noirs а jouer "a5" et gagner le contrôle de la case "b5"} a5 17. Bb5
{[%csl Rd7]} f5 18. e5 Ng6 19. Re1 Ra7 20. Kb1 {[%cal Ga2c1,Gc1b3,Gb3c5,Gc2c3]}
Nh4 {[%cal Gg7g5]} 21. g3 (21. Bf1 f4 {[%cal Gh4f5]} 22. c3 $1 bxc3 (22... Bb7
23. cxb4 axb4) 23. Nxc3 $14 {[%cal Gc3b5]}) 21... Nf3) 16... f5 $132 17. Nd2 {
58 mns} fxe4 18. Nxe4 Nf5 {[%csl Gf5]} (18... Ra7 $5 $11 {[%cal Ga7d7] Passif
mais solide}) 19. Rd2 d5 $11 20. Nc5 Rf7 21. g3 Rc7 $1 {[%csl Rc2][%cal Gc7c5,
Gb4b3]} 22. Nb3 (22. Nd3 $142 Bd7 23. Nxb4 a5 24. Nd3 Rac8 25. Kb1 Bxa4 26. b3
Bb5 27. Nf4 Bxf1 28. Rxf1 Kf7 (28... a4 $5 29. Nxe6 Re7 30. Re1 axb3) 29. Re1
Rc6 30. Nd3 {[%cal Gd3e5,Ge5c6,Ge5f7]} Kf6 31. Ne5 Ra6 {[%cal Ga5a4]} (31...
Rc3)) 22... Bd7 $1 {[%csl Ra4,Re6][%cal Ga8c8,Gd7a4]} 23. a5 {29mns} Ba4 24.
Kb1 Bxb3 25. cxb3 Rc5 26. Bh3 {30 mns} Rxa5 27. Re1 Kf7 28. Bxf5 exf5 29. Re5 {
27mns} Kf6 30. Rdxd5 Rxd5 31. Rxd5 Re8 $1 32. Kc2 {22mns} Kg5 $6 {Le GMI avait
des meilleures chances de gain en finale de P car son K est plus actif et une
meilleure structure.} (32... Re2+ $1 33. Rd2 (33. Kd3 Rxf2 34. Rd6+ Ke7 35.
Rxa6 Rxh2 36. Kc4 Rg2 37. Kxb4 Rxg3 38. Kc4 h5 $17) 33... Rxd2+ 34. Kxd2 Ke5 $2
(34... Kg5 $5 {[%cal Gg5g4,Gg4f3]} 35. h3 f4 36. Ke2 Kf5 37. Kf3 Ke5 $1 {
[%cal Ge5d4]}) (34... f4 $1 {Le coup clé car le K noir gagne l'accès а la case
"f5"} 35. Kd3 (35. Ke2 Kf5 36. Kf3 Ke5 $1 37. gxf4+ Kd4 {[%csl Gd4][%cal Gd4d3,
Gd3c2,Gc2b2]}) 35... Kf5 {[%cal Gf5h3]} 36. gxf4 (36. Kc4 $2 f3 $1 {[%cal
Gf5h3,Gh3h2,Gh2g2,Gg2f2]}) 36... Kg4 $1) 35. Kd3 Kd5 $11 {[%csl Rb2,Rb3,Gd3,
Gd5] Les noirs ont l'opposition mais ils peuvent difficilement progresser}) 33.
Kd2 Kg4 34. Rd4+ Re4 35. Rd7 g6 36. Rxh7 Kf3 37. Rh6 Re6 38. h4 Kxf2 39. h5
Re2+ 40. Kd3 Re3+ 41. Kc4 g5 42. Rf6 Kxg3 43. Rxf5 Kg4 44. Rf6 a5 45. h6 Re7
46. Kb5 Kh5 1/2-1/2

[Event "Malakoff op 09th"]
[Site "Malakoff"]
[Date "2009.04.12"]
[Round "2"]
[White "Abergel, Thal"]
[Black "Nguyen, Thanh Tong"]
[Result "1-0"]
[WhiteElo "2497"]
[BlackElo "2312"]
[Annotator "Malakoff/Primel,D"]
[PlyCount "75"]
[EventDate "2009.04.11"]
[EventType "swiss"]
[EventRounds "9"]
[EventCountry "FRA"]
[SourceTitle "EXT 2010"]
[Source "ChessBase"]
[SourceDate "2010.11.25"]
[SourceVersion "1"]
[SourceVersionDate "2010.11.25"]
[SourceQuality "1"]

1. e4 c5 2. Nf3 Nc6 3. d4 cxd4 4. Nxd4 e6 5. Nc3 Nf6 6. Nxc6 (6. Ndb5 {Van
Dongen,P (2329)-Abergel,T (2519) Malakoff 09th Op 2009 (7.3) 1/2}) 6... dxc6 $6
(6... bxc6 {la grande ligne} 7. e5 Nd5 8. Ne4 Qc7 9. f4 Qb6 (9... Qa5+) 10. c4
Bb4+ 11. Ke2 f5 12. Nf2 Ba6 13. Kf3 {la pratique donne des bons résultats aux
blancs car les noirs manquent d'espace} Ne7 14. Be3 $14 {Adams,M (2715)
-Ivanchuk,V (2709) Fujitsu Siemens Masters rapid 2000 (2) 1/2}) 7. Qxd8+ Kxd8
8. Bf4 $1 $16 {[%csl Ge5] Dans plusieurs lignes d'échange Nc6 de la Taimanov,
les noirs choisissent parfois de jouer dc6 au lieu de bc6 avec l'idée de
réagir au centre ensuite avec e6e5 et d'obtenir une position а peu près égale.
Le seocnd intérêt de Bf4 est aussi d'empêcher Kc7 et le K noir est trés mal
placé} (8. Bg5 e5 $1 9. O-O-O+ Kc7 $132) (8. e5 Nd7 9. f4 Bb4 10. Bd2 {
Opocensky,K-Hazenfuss,W Folkestone ol (Men) 1933 (1.4) 1-0}) 8... Nd7 {[%cal
Gf7f6,Ge6e5]} 9. O-O-O f6 10. e5 $1 g5 11. Be3 $1 (11. Bg3 $143 f5 {[%cal
Gf5f4]}) 11... fxe5 12. Bxg5+ {[%csl Re5,Re6]} Kc7 13. Ne4 $40 {[%cal Gf1c4]} (
13. Bc4 Rg8 14. h4 h6 15. Bxe6 Rg6 16. Bf5 Rg8 17. Be3 Rxg2 18. Bh3 Rg8 19. Ne4
$36) 13... b5 14. g3 h6 15. Bh4 Bg7 16. Bh3 {[%csl Re6]} Nb6 17. Rhe1 (17. Be7
$5 {[%cal Ge7d6]}) 17... Nd5 18. Nc5 Kd6 19. Ne4+ Kc7 20. Nc5 {répète les
coups pour gagner du temps avec l'incrément а la pendule} Kd6 21. Nd3 a5 22.
Re4 Rf8 23. Rde1 (23. g4 $5 {[%cal Gh4g3]}) 23... Ra7 24. R1e2 Raf7 25. Kd2 b4
26. c4 bxc3+ 27. bxc3 Ba6 (27... c5 28. c4 Nb4) 28. c4 Nb4 29. f4 Nxd3 30. Kxd3
Re8 31. fxe5+ Kc5 32. Bg2 Rb8 33. g4 Rb1 $2 34. Bf2+ Kb4 35. Kc2 Ra1 36. Kb2
Rd1 $2 37. a3+ Ka4 38. c5+ 1-0

[Event "Asia U20 op"]
[Site "Sharjah"]
[Date "2013.04.06"]
[Round "6"]
[White "Narayanan, Srinath"]
[Black "Kowsarinia, Amir"]
[Result "1-0"]
[WhiteElo "2440"]
[BlackElo "2301"]
[Annotator "Martin,A"]
[PlyCount "81"]
[EventDate "2013.03.30"]
[EventType "swiss"]
[EventRounds "9"]
[EventCountry "UAE"]
[SourceTitle "EXT 2016"]
[Source "ChessBase"]
[SourceDate "2015.10.08"]
[SourceVersion "1"]
[SourceVersionDate "2015.10.08"]
[SourceQuality "1"]

{A variation which seperates the Four Knights from other Sicilian systems
occurs when White plays the specific 6.Nxc6. Normally, a capture such as this
would only strengthen the Black centre, but White follows up powerfully with 7.
e5 and some very unusual positions arise.} 1. e4 c5 2. Nf3 e6 3. d4 cxd4 4.
Nxd4 Nf6 5. Nc3 Nc6 6. Nxc6 $5 bxc6 7. e5 {The point. White establishes a
wedge in the centre and hopes to cramp Black as a result.} Nd5 8. Ne4 Qc7 (8...
Qa5+ 9. Bd2 Qc7 10. f4) ({and} 8... Bb7 {are reasonable alternatives.}) 9. f4
Qb6 10. c4 Ne3 11. Qd3 Bb4+ 12. Bd2 O-O {A very strange situation, where both
parties are trying to hinder each other's development. Black would love to
play ...f7-f5 and entice White to take on f6, but it is unlikely that he will
do this. White has a nice bind, but would love to be rid of that knight on e3.}
({Extraordinary play can result after} 12... Ba6 13. b3 (13. Bxb4 Qxb4+ 14. Kf2
Qxb2+ 15. Be2 Nxc4 16. Rab1 $13) 13... O-O 14. Bxb4 (14. Ke2 Nd5 15. Kf3 f6 16.
Qc2 Bxd2 17. Qxd2 fxe5 18. cxd5 Rxf4+ 19. Kg3 Rxe4 20. Bxa6 Qxa6 21. dxe6 Rd4
22. Qc2 Rd3+ 23. Kg4 dxe6 24. Rhd1 e4 25. Rac1 Qb5 26. Rf1 Qe5 $19) (14. Rc1 $5
) 14... Qxb4+ 15. Kf2 Ng4+ 16. Kg3 Nh6 17. Kh3 Rad8 18. Rd1 f6 19. Qd6 Qa5 20.
Qd2 Qxd2 21. Nxd2 fxe5 22. fxe5 Rf5 23. Nf3 g5 24. Nd4 Rxe5 25. Nxc6 Re3+ 26.
g3 Rf8 $2 (26... Bb7 $1 27. Bg2 Re2 28. Ne7+ Kf7 29. Bxb7 Kxe7 {would keep a
slight advantage for Black}) 27. Rxd7 e5 28. Ne7+ Kf7 {Lewandowski,R-Krawczyk,
C Warsaw 2010} 29. Rxa7 $18 {The sight of the white Kking brazenly parading
around the kingside, gives one the impression that this is quite a difficult
line to handle for both sides.}) 13. b3 d5 $5 {Rarely played and very sharp
indeed. White must take on d6 and then Black gets to shift the knight on e4 by
force.} (13... f5 {leads to complications:} 14. exf6 (14. Nc3 Ng4 15. Nd1 Bc5
16. h3 Nf2 17. Nxf2 Bxf2+ 18. Ke2 a5 19. a4 Bd4 20. Be3 c5 21. Bxd4 cxd4 22.
Kf2 Bb7 23. Rd1 Rab8 $11) 14... Ng4 15. Bxb4 Qxb4+ 16. Qd2 Qxd2+ 17. Kxd2 d5
18. Nc5 gxf6 19. h3 Nf2 20. Rg1 f5 21. Bd3 a5 22. Ke3 Ne4 23. Bxe4 fxe4 24. g4
$16) 14. exd6 f5 15. Nf2 $6 (15. c5 $1 {is certainly worth consideration,
leading to a slight advantage for White by force after} fxe4 16. Qxe3 Qxc5 17.
Qxc5 Bxc5 18. Rc1 Bxd6 19. Rxc6 $14 {for example:} Bxf4 (19... Rd8 20. Rc2 a5
21. Bc4 Kf8 22. Ke2) 20. Bxf4 Rxf4 21. Bc4 $1 Rf7 22. Ke2 Kf8 (22... a5 23. Rd1
) 23. Rd1 Bd7 24. Rcd6 Ke8 25. Bxe6 {If there is a drawback to 13...d5, this
might be it.}) 15... e5 16. Bxb4 (16. fxe5 f4 {entrenches the knight on e3 and
gives Black definite compensation after} 17. Bxb4 Qxb4+ 18. Qd2 Qc5 19. Nd3 Qd4
) 16... Qxb4+ 17. Qd2 Qb6 $6 ({It takes a brave man to reject} 17... Nc2+ 18.
Kd1 Qxd2+ 19. Kxd2 Nxa1 {Black should have gone for this in my opinion, with ..
.Rb8 and ...Nxb3 to come.} 20. fxe5 Rb8 21. Kc3 Re8 22. Nd3 f4 $1 23. Be2 Bf5
24. Rxa1 Bxd3 25. Bxd3 Rxe5 $13) 18. c5 Qxc5 19. Rc1 Qb6 20. fxe5 f4 21. Nd1
Bg4 $2 {Whereas it was hard to criticize earlier moves, because of the murky
nature of the position, I think we can say that 21...Bg4 is just bad.} (21...
Nxf1 22. Rxf1 Ba6 {had to be played and with ...Rae8 to come, Black is very
much in the game:} 23. Rf2 $2 (23. Qc3 Bxf1 24. Kxf1 Rae8 25. Nb2 f3 26. gxf3
Rxf3+ 27. Qxf3 Rf8 28. Qxf8+ Kxf8 29. Nc4 Qd4 $13 {probably equal, as the
white king looks very open}) (23. Nb2 f3 $1 24. Rxf3 Qg1+ 25. Rf1 Qxf1#) 23...
Rae8) 22. Nxe3 {White no doubt breathed a large sigh of relief as the knight
was eliminated. Black should have sold his life at a higher price.} fxe3 23.
Bc4+ $1 Kh8 24. Qc3 $1 e2 25. Kd2 $16 Rf4 26. Rhe1 {Control is finally
established over the position. It is impossible for Black to make an
impression on the White king position, as he has no dark-squared bishop.} Qc5 {
Going downhill.} (26... Re8 {was relatively best, but White can thread his
king through the landmines:} 27. Bxe2 Qf2 28. Qc5 Rd4+ 29. Kc3 Qe3+ 30. Kb2
Rd2+ 31. Ka1 Qxc5 32. Rxc5 Bxe2 33. d7 Rxd7 34. Rxe2) 27. Bd3 Qf2 28. h3 Bh5
29. g4 Be8 30. Rxe2 $18 {The Black counterplay has been squashed and mopping
up begins.} Qg3 31. Be4 Qh4 32. Qe3 Qh6 33. Kc3 a5 34. Kb2 a4 35. a3 Bd7 36.
Bf5 Bxf5 37. gxf5 Qh4 38. e6 Rd4 39. e7 Re8 40. Rc4 Rxc4 41. d7 {An incredible
final position.} 1-0

[Event "EU-Cup 24th"]
[Site "Kallithea"]
[Date "2008.10.18"]
[Round "2"]
[White "Meier, Georg"]
[Black "Socko, Bartosz"]
[Result "1-0"]
[WhiteElo "2558"]
[BlackElo "2631"]
[Annotator "Meier,Georg"]
[PlyCount "113"]
[EventDate "2008.10.17"]
[EventType "team-swiss"]
[EventRounds "7"]
[EventCountry "GRE"]
[SourceTitle "CBM 127"]
[Source "ChessBase"]
[SourceDate "2008.11.13"]
[SourceVersion "1"]
[SourceVersionDate "2008.11.13"]
[SourceQuality "1"]
[WhiteTeam "Werder Bremen"]
[BlackTeam "Baden Invest"]
[WhiteTeamCountry "GER"]
[BlackTeamCountry "AUT"]

{Meine beste Partie beim Europacup :} 1. e4 c5 {Die erste Überraschung, neigt
Socko doch sonst dazu den e-Bauern anzufassen.} 2. Nf3 e6 3. d4 cxd4 4. Nxd4
Nf6 5. Nc3 Nc6 6. Nxc6 bxc6 7. e5 Nd5 8. Ne4 {Es ist viele Jahre her, dass ich
diese Variante studierte und sie kam auch erst einmal in meiner Turnierpraxis
vor. Offenbar wollte mich mein Gegner von Anfang an unter Druck setzen.} Qc7 {
Der Hauptzug und gleichzeitig Einleitung zu den schärfsten Varianten in diesem
System. Mittlerweile habe ich mir ein Bild von den Alternativen machen können.
Einzig vollwertig erscheint mir darunter 8...Bb7.} (8... f5 9. exf6 Nxf6 10.
Nd6+ Bxd6 11. Qxd6 Ba6 12. Bxa6 Qa5+ 13. Bd2 Qxa6 14. Bb4 Kf7 15. a3 Qc4 16.
O-O-O Qa2 17. Rhe1 Rhe8 18. Bc3 Rab8 19. b3 $16 {1-0 Socko,B (2629)-Heberla,B 
(2557)/Opole 2007(23)}) ({Nachdem Leko} 8... Bb7 {1999 auf höchster Ebene
einführte gewann die Variante rasch an Popularität und ist nach aktuellem
Stand der Theorie weiterhin spielbar.} 9. Be2 (9. c4 Nb4 10. c5 Qb8 $1 (10...
Ba6 $2 11. Bxa6 Nxa6 12. Qd4) 11. f4 Ba6 12. a3 Bxf1 13. Rxf1 Nd5) 9... c5 10.
O-O Qc7 11. Nd6+ Bxd6 12. exd6 Qc6 13. f3 c4 14. Qd4 O-O 15. Bxc4 Rfc8 (15...
Qxd6 16. Bb3 Qb6 17. Rd1 Rfc8 18. Qxb6 Nxb6 19. a4 d5 20. a5 Nc4 21. a6 Bc6 22.
Bxc4 dxc4 23. Be3 $14 {1/2-1/2 Kasparov,G (2812)-Leko,P (2694)/Linares 1999 
(48)}) 16. b3 Qxd6 17. Rf2 Qb6 18. Bb2 Qxd4 19. Bxd4 Nb4 20. c3 d5 21. Bf1 Nc6
22. Be3 a5 (22... Ne7 23. Rc1 a5 24. Rfc2 e5 25. c4 f6 26. cxd5 Rxc2 27. Rxc2
Nxd5 28. Bd2 a4 29. bxa4 Rxa4 30. Bb5 Ra8 31. a4 $16 {1-0 Leko,P (2722)
-Topalov,V (2745)/Dortmund 2002 (81)}) 23. a4 Ne7 24. c4 (24. Rc1 f6 25. Bb5
Nf5 26. Bd2 Rc7 27. Bd3 Nd6 28. Be1 Ba6 $11 {1/2-1/2 Kasparov,G (2849)
-Grischuk,A (2663)/Cannes 2001 (48)}) 24... Ba6 25. cxd5 Bxf1 26. Rfxf1 Nxd5
27. Bd2 Rc2 {1/2-1/2 Meier,G (2558)-Popov,I (2539)/Yerevan 2007}) (8... Ba6 9.
c4 Bb4+ 10. Bd2 Qh4 11. Qf3 f5 12. Nd6+ Bxd6 13. cxd5 Bxf1 14. exd6 Bb5 15.
dxe6 O-O 16. exd7 Rad8 17. O-O-O Qc4+ 18. Bc3 Qxa2 19. Rhe1 Rxd7 20. Re7 $18 {
1-0 Movsesian,S (2661)-Stocek,J (2537)/Czechia 2001(27)}) (8... Qa5+ 9. c3 (9.
Bd2 Qb6 10. c4 Qxb2) 9... Ba6 10. Bd3 Bxd3 11. Qxd3 f5 12. exf6 Nxf6 13. Nxf6+
gxf6 14. O-O {[%csl Re8,Gg1] Solange Damen auf dem Brett sind, haben nur die
negativen Aspekte der schwarzen Bauernstruktur Gewicht, da ein sicherer
Unterschlupf für den König fehlt.} Qd5 15. Qh3 h5 16. Re1 Bc5 17. b3 O-O-O 18.
c4 Qd6 19. Be3 $14 {1-0 Adams,M (2658)-Conquest,S (2443)/France 2000/EXT 2001 
(41)}) 9. f4 Qb6 10. c4 Ne3 {Diesem Zug hatte ich nie Aufmerksamkeit geschenkt.
} ({Während der Partie konnte ich mich nur an den Verlauf der Hauptvariante
erinnern :} 10... Bb4+ 11. Ke2 f5 12. Nf2 Ba6 13. Kf3 Ne7 14. Be3 Bc5 15. Bxc5
Qxc5 16. Qd6) 11. Qd3 Nf5 (11... Bb4+ 12. Bd2 O-O 13. Rc1 $1 a5 14. Bxb4 Qxb4+
15. Qc3 $14) 12. g4 Nd4 13. Bg2 h5 (13... Bb7 14. b4 $1 a5 (14... h5 15. Kf1 $1
) 15. Bb2 c5 16. b5) 14. g5 Bb7 {Zu dieser Stellung kamen wir recht schnell,
da Socko sich noch in seiner Vorbereitung befand und die weißen Züge bis
hierher recht naheliegend sind. Mir drängten sich jetzt aber einige Fragen auf:
Meine Stellung sieht fantastisch aus, aber warum strebt mein Gegner sie dann
an, welche Überraschung hält er bereit? Da 15.Be3 Nc2+ der erste konkrete
Gedanke ist, schien es mir sicher, dass mein Gegner das analysiert hatte und
ich nahm a priori Abstand von dieser Fortsetzung. Dann fesselte b4 für eine
Weile meine Aufmerksamkeit und nachdem ich die Widerlegung fand, blieb nur ein
Gedanke übrig: Warum nicht einfach die Entwicklung beenden?} 15. Bd2 $1 $146 (
15. Be3 Nc2+ 16. Kf2 Nxe3 17. Qxe3 Qxb2+ 18. Kg3 Ba6 {Hier muss Schwarz eine
Verbesserung haben, schon allein um zu überleben!} (18... Qb6 $142 19. c5 Qa5 {
Eröffnet wenigstens dem Bb7 Perspektiven über a6. Die schwarze Stellung bleibt
aber alles andere als beneidesnwert. Im Idealfall wird die Entwicklung mittels
Ba6, Be7, Rd8, g6, Kf8-g7 beendet. Doch selbst dann wäre Schwarz zum Abwarten
verdammt.}) 19. Rab1 h4+ 20. Kh3 Qc2 21. Rhc1 Qa4 22. Qc3 $18 Ba3 23. Rc2 Be7
24. Rb3 O-O 25. Nf6+ gxf6 26. gxf6 Bc5 27. Be4 Rfb8 28. Kxh4 Kf8 29. Rg2 Qxc4
30. Qxc4 Bxc4 31. Bh7 Bf2+ 32. Kh5 {1-0 Kasparov,G (2780)-Illescas Cordoba,M 
(2555)/Linares 1992}) (15. b4 $6 a5 $1 (15... Bxb4+ $2 16. Kf1 {[%csl Rb4,Rb6,
Rb7,Rd4][%cal Gc1e3,Ga1b1,Gb1b7]}) 16. c5 $2 Qxb4+ 17. Bd2 Ba6 $19) 15... c5
16. Bc3 {[%csl Rc5,Rd4][%cal Gb2b4]} Nf5 {Traurige Notwendigkeit} (16... Rd8
17. g6) (16... O-O-O 17. b4) 17. O-O-O {Der weiße K steht nun absolut sicher.
Schwarz bleiben strukturelle Schwächen und keine Aussicht auf Gegenspiel.}
O-O-O 18. Qd2 {[%csl Rb6,Rd8][%cal Gc3a5]} Qa6 19. b3 ({Nicht} 19. Ba5 $2 Qxc4+
20. Nc3 d5 {und Weiß hätte alle strategischen Vorzüge seiner Stellung verloren.
}) 19... d5 {Schwarz muss versuchen sich zu befreien.} 20. exd6 Bxd6 21. Nxd6+
({In Frage kam auch} 21. Qf2 Be7 {Allerdings befürchtete ich, dass Schwarz
einen guten Moment finden könnte, um mit Nd4 einen Bauern zu opfern, was
zumindest praktische Chancen verspricht, da die schwarzen Felder rund um den
weißen König und der Pf4 anfällig wären.}) 21... Rxd6 22. Qf2 Bxg2 23. Qxg2 Qc6
(23... Rhd8 $5 24. Rxd6 Rxd6 25. Be5 (25. Qa8+ Kc7 26. Kb1 Qb7 27. Ba5+ Kc6 $11
) 25... Qc6 26. Qxc6+ Rxc6 27. Rd1) 24. Qxc6+ Rxc6 25. Rd3 Rd8 26. Rhd1 Rxd3
27. Rxd3 Rc7 28. Rh3 $1 $16 {Die schwarze Bauernmajorität wird entwertet und
ein Einbruchsfeld auf f6 geschaffen.} g6 29. Rd3 Rd7 30. Kd2 Kc7 31. a3 a6 32.
b4 Rxd3+ 33. Kxd3 Kc6 34. Be1 $1 {Nach dem erzwungenen Tausch auf b4 wird Weiß
in der Lage sein, einen b-Freibauern zu bilden. Das unterstreicht die
Minderwertigkeit von vereinzelten a- und c-Bauern im Vergleich zu einem Tandem
aus a- und b-P.} Nd6 35. Bf2 cxb4 36. axb4 Nf5 37. Be1 Ne7 ({Wenn Schwarz sich
passiv verhält folgt :} 37... Nd6 38. Bc3 Nf5 39. Bd4 Kd7 40. Bc5 Kc6 41. Bf8
Kd7 42. Ke4) 38. Ke4 Nc8 39. Ke5 Kd7 40. Bf2 ({Nach der naheliegenden Folge} 
40. Kf6 Ke8 41. b5 axb5 42. cxb5 Nd6 43. b6 Nb7 {nimmt Schwarz eine Festung
ein.}) 40... Nd6 41. Kd4 Nb7 42. Kd3 Nd8 43. Bc5 Nc6 44. b5 $1 {Endlich folgt
der nächste Schritt Richtung Ziel.} axb5 45. cxb5 Nd8 46. Bd4 Nb7 47. Be5 h4 (
47... Nc5+ 48. Kc4 Nb7 49. h3 $22) 48. h3 Nc5+ 49. Kd4 Na4 50. Kc4 Nb6+ 51. Kb4
Kc8 52. Kc5 Nd5 53. Kd6 Kd8 54. Kc6 Nb4+ (54... Kc8 55. Bd6) 55. Kb7 Nd3 56. b6
Nc5+ 57. Kc6 1-0